| 000 | 00928cab a2200265 4500 | ||
|---|---|---|---|
| 001 | WB3440-53 | ||
| 008 | 090401t1998 xxu||||| |||| 00| 0 eng d | ||
| 035 | _a(Sirsi) u89208 | ||
| 041 | _aeng | ||
| 245 | _aWelcome for White Paper | ||
| 260 | _c1998 | ||
| 350 | _a0 | ||
| 490 |
_aRICS Press Release _v(124) 20 October 1998 (2) |
||
| 520 | _aThe RICS has welcomed John Prescott`s announcement that an urban white paper is to be published, and has suggested that the paper should address the issues of use of contaminated and brownfield land, as well as providing a unified urban policy which actively encourages regeneration. | ||
| 650 | _aBROWNFIELD SITES | ||
| 650 | _aCONTAMINATED LAND | ||
| 650 | _aDEVELOPMENT | ||
| 650 | _aTRANSPORT DEVELOPMENT ZONES | ||
| 650 | _aURBAN POLICY | ||
| 650 | _aURBAN REGENERATION | ||
| 650 | _aWHITE PAPER | ||
| 690 | _aURBAN RENEWAL | ||
| 942 | _n0 | ||
| 948 | _c22/10/1998 | ||
| 999 |
_c56419 _d56419 |
||